Marketingový mix a jeho uplatnenie v cestovnom ruchu diplomová práca

Enregistré dans:
Détails bibliographiques
Auteur principal: Križová, Martina
Collectivité auteur: Obchodná fakulta EU. Katedra tovaroznalectva a kvality tovaru
Autres auteurs: Kačeňák, Igor
Format: Livre
Langue:slovaque
Publié: Bratislava 2012
Tags: Ajouter un tag
Pas de tags, Soyez le premier à ajouter un tag!

MARC

LEADER 00000nbm a2200000 4500
001 0158862
005 20161109102213.2
041 0 |a slo 
044 |a SK 
245 1 0 |a Marketingový mix a jeho uplatnenie v cestovnom ruchu  |b diplomová práca  |c Martina Križová ; školiteľ: Igor Kačeňák 
264 1 |a Bratislava  |c 2012 
300 |a 83 s. 
100 1 |a Križová, Martina 
700 1 |a Kačeňák, Igor 
710 2 |a Obchodná fakulta EU. Katedra tovaroznalectva a kvality tovaru